000
00283nam a2200109Ia 4500
008
210430s9999 xx 000 0 und d
082
_a
954.91 N253H
100
_a
Dr. Inam Ul Haq
_9
54574
245
_a
Nazriya e Pakistan or Quran
_c
Dr. Inam Ul Haq
300
_a
240
942
_c
BK
_2
ddc
999
_c
565197
_d
565197